{"text_format":"3","workbook":"xlsx","n_sheets":5,"sheets":["Matriz Peligros ","Priorizacion","Frecuencia de Peligros","Severidad del peligro","Hoja1"],"not_rendered":{"charts":2,"images":1,"external_links":19,"defined_names":95},"read":"whole","date_system":"1900"}

{"sheet":"Matriz Peligros ","index":0,"n_rows":29,"n_cols":31,"rows_kept":29,"merged":[[0,0,0,3],[0,4,0,31],[1,0,1,4],[1,5,1,7],[1,8,1,17],[1,18,1,24],[3,0,3,7],[3,8,3,10],[3,18,5,18],[3,25,3,30],[4,0,6,0],[4,1,6,1],[4,2,6,2],[4,3,6,3],[4,4,5,6],[4,7,6,7],[4,8,5,10],[4,11,5,17],[4,19,4,24],[4,25,4,30],[5,19,5,21],[5,22,6,22],[5,23,6,23],[5,24,6,24],[5,25,6,25],[5,26,6,26],[5,27,6,27],[5,28,6,28],[5,29,6,29],[5,30,6,30],[8,0,10,0],[8,1,10,1],[8,2,10,2],[8,3,10,3],[11,0,13,0],[11,1,13,1],[11,2,13,2],[11,3,13,3],[14,0,16,0],[14,1,16,1],[14,2,16,2],[14,3,16,3],[17,0,19,0],[17,1,19,1],[17,2,19,2],[17,3,19,3],[20,0,22,0],[20,1,22,1],[20,2,22,2],[20,3,22,3],[23,0,25,0],[23,1,25,1],[23,2,25,2],[23,3,25,3]]}
[{"$nulls":4},"MATRIZ DE IDENTIFICACIÓN DE PELIGROS, VALORACIÓN DE RIESGOS Y DETERMINACIÓN DE CONTROLES DE SOL DE PALMA"]
["SEDE: ",{"$nulls":4},"AREA: ",null,null,"ELABORADO POR: ",{"$nulls":9},"FECHA DE EVALUACIÓN: "]
[1,2,3,5,6,7,8,9,16,17,18,19,20,21,22,23,24,25,26,{"$nulls":6},27,28,29,30]
["IDENTIFICACIÓN DEL PELIGRO",{"$nulls":10},"EVALUACIÓN DEL RIESGO",{"$nulls":6},"VALORACIÓN DEL RIESGO",{"$nulls":6},"MEDIDAS DE INTERVENCIÓN"]
["Proceso","Zona / Lugar","Actividad","Rutinaria\n(Si/No)\n(Si/No)","PELIGRO",null,null,"EFECTOS POSIBLES","CONTROLES EXISTENTES",null,null,"EVALUACION DEL RIESGO",{"$nulls":7},"CRITERIOS  PARA ESTABLECER CONTROLES",{"$nulls":5},"MEDIDAS DE INTERVENCIÓN"]
[{"$nulls":19},"No. Expuestos",null,null,"Peor Consecuencia","Existe Requisito Legal especifico asociado (Si/No)","Ley","Eliminación","Sustitución","Controles de Ingeniería","Controles Administrativos","Equipos / Elementos de Protección Personal","Señalizacion"]
[{"$nulls":4},"Clasificación","Descripción","Fuente Generadora",null,"Fuente","Medio","Individuo","Nivel de Deficiencia","Nivel de Exposición","Nivel de Probabilidad","Interpretación\nNivel de probabilidad","Nivel de Consecuencia","Nivel de Riesgo ","Interpretación\nNivel de Riesgo","Aceptabilidad del Riesgo","planta","contratistas","TOTAL"]
[]
["PROCESOS MISIONALES: SELECCIÓN DE COROZO","SOL DE PALMA AGUSTIN CODAZZI S.A.S","Selección racimo en palma","si","Fisico- Radiaciones no ionizantes (Sol)\n","Los auxiliares de siembre y cosecha en cultivo de palma, se hallan expuesto por tiempo prolongado alta radiacion solar por trabajo al interperie.","Exposicion directa a radiociones no ionizantes (sol) durante el desplazamiento en el cultivo de palma.","Fatiga visual, cansancio.","Ninguno","Ninguno","EPP:  Gafas de seguridad con protección UV.",10,4,{"$f":"L9*M9","v":40},{"$f":"IF(AND(N9>=2,N9<=4),\"bajo\",IF(AND(N9>=6,N9<=8),\"medio\",IF(AND(N9>=10,N9<=20),\"alto\",IF(AND(N9>=24,N9<=40),\"muy alto\",\"no aplica\"))))","v":"muy alto"},4,{"$f":"N9*P9","v":160},{"$f":"IF(Q9=20,\"IV\",IF(AND(Q9>=40,Q9<=120),\"III\",IF(AND(Q9>=150,Q9<=500),\"II\",IF(AND(Q9>=600,Q9<=4000),\"I\",\"no aplica\"))))","v":"II"},"Aceptable con control específico",10,null,10,"Cancer de piel","si","Ley 9/1979 - Resolucion 2400/1980","No aplica","No aplica","No aplica","Capacitaciones acerca de Previon de riesgo fisico - radiaciones no ionizantes .\n","Dotacion de EPP y Bloqueador solar.","No aplica"]
[{"$nulls":4},"Locativo","Los auxiliares de siembre y cosecha en el cultivo de palma, se hallan expuesto posibles caida del mismo nivel, por via de transito irregulares, desniveleadas y resbalosas, especialmente en temporada de inverno por  formacion de fangos.","Vias de transito irregulares con desniveles, resbalosas y con fangos.","Golpes,caidas, ematomas, esguince y tropezones.","Ninguno","Ninguno","Precaución y Autocontrol",2,2,4,"bajo",25,100,{"$f":"IF(Q10=20,\"IV\",IF(AND(Q10>=40,Q10<=120),\"III\",IF(AND(Q10>=150,Q10<=500),\"II\",IF(AND(Q10>=600,Q10<=4000),\"I\",\"no aplica\"))))","v":"III"},"Mejorable ",10,null,10,"Fractura","Si"," Resolucion 2400/1980","No aplica","No aplica","No aplica","Capacitacion sobre autocuidado","No aplica","No aplica"]
[{"$nulls":4},"Biomecanico","Los auxiliares de siembre y cosecha , se hallan expuesto una postura prolongada de pie, durante la observacion y selección del racimo de corozo en la plantacion. ","Actividad de selecion de racimo de corozo, en cada palma africana, sembrada en el area de cultivo. ","Dolores lumbares.","Ninguno","Ninguno","capacitacion sobre pausas activas.",2,1,2,"bajo",10,20,"IV","Aceptable",10,null,10,"Alteraciones y Problemas Circulatorios","Si","No","No aplica","No aplica","No aplica","Capacitacion sobre pausas actividas, autocuidado, ","No aplica","No aplica"]
["PROCESOS MISIONALES: RECOLECCION DEL COROZO","SOL DE PALMA AGUSTIN CODAZZI S.A.S","Corte de racimo","Si","Condicion de Seguridad - Mecanico","Durante el corte de racimo de corozo en el cultivo de palma, los auxiliares de cosecha se ven expuestos a sufrir lesiones con la herramienta empleada para esta labor, debido a un mal manejo de la herramienta (cincel, palin, machetes, etc.)al momento de la realizacion de esta actividad.","Manejo inadecuado de herramientas durante la corte de racimo de corozo de palma.","Golpes, heridas y laceraciones.","Ninguno","Ninguno","Uso de EPP",6,2,12,"alto",25,300,"II","Aceptable con control específico",20,null,20,"Mutilamiento de miembros superiores o inferiores","Si","Resolucion 2400/1979","No aplica","No aplica","No aplica","Capacitacion sobre manejo seguro de herramientas.","Suministro de EPP","No aplica"]
[{"$nulls":4},"Biomecánico","En el corte de racimo de corozo en el cultivo de palma, los auxiliares de cosecha  presentan una postura prolongada de pie, con movientos repetitivos, acompañados de fuerza para el corte preciso y efecto del racimo de corozo de palma.","Posturas prolongadas de pie y movimientos repetivivos acompañados con fuerza.","Problemas lumbares, como lumblagias, desordenes de trauma acumulativo y lesiones","Ninguno","Ninguno","capacitación sobre pausas activas, higiene y postura. ",6,1,6,"medio",10,60,"III","Mejorable ",20,null,20,"Lesiones osteomusculares","No","No aplica","No aplica","No aplica","No aplica","Capacitacion pausas activas, practica y gestos motores para\nevitar lesiones musculo esqueléticas.\n*Rotar personal ","No aplica","No aplica"]
[{"$nulls":4},"Quimico","Los auxiliares de cosecha durante el corte de racimo de corozo en el cultivo de palma, se ven expuestos a los gases o vapores emanados por los plaguicidad empleados para el control de plaga en el cultivo. ","Plaguicidas: Desprendimiento de material particulado en el ambiente, contaminado con plaguicidas en el cultivo de palma.","Cefaleas, nauseas, somnolencia, irritación vías respiratorias, ojos, piel y vomito.","Ninguno","Ninguno","Divulgación del riesgo y sus controles. Uso de EPP.",10,4,40,"muy alto",6,240,"II","Aceptable con control específico",20,null,20,"Edema pulmonar y paro respiratorio. ","Si","Ley 9/1979 - Decreto 1843/1991 - Decreto 1443/2004","No aplica","No aplica","Cambios de plaguicidas menor categorìa toxicològica ","Capacitaciòn Manejo de plaguicidas y control de residuos","Suministro de EPP","No aplica"]
["PROCESOS MISIONALES: RECOLECCION DEL COROZO","SOL DE PALMA AGUSTIN CODAZZI S.A.S","Cargue de Racimo","Si","Biomecanico","Los auxiliares de cosecha , se hallan expuesto de manera prolongada a una carga dinamica (Levantamiento y Movilización de Cargas Pesadas) en la recolecion de racimo de corozo para llevarlo al zorrillo de cargue, con el fin de tranportar estos racimos hacia la tolva. ","Levantamiento y Movilización de Carga Pesada de racimos de corozo en el cultivo de palma.","Problemas lumbares, desordenes de trauma acumulativo, lesiones en miembros superiores","Ninguno","Ninguno","Manual de cargas",10,4,40,"muy alto",10,400,"II","Aceptable con control específico",15,null,15,"Alteraciones y Problemas Circulatorios","No","No","No aplica","No aplica","No aplica","Capacitacion de ¿cómo levantar cargas pesadas?\n\n","Suministro de Fajas lumbares\n","No aplica"]
[{"$nulls":4},"Fisico- Radiaciones no ionizantes (Sol)\n","Los auxiliarescosecha durante el cargue del racimo de corozo, estas expuestos a las radiociones no ionizantes  (ultravioleta),  por tiempo prolongado por trabajaro en campo abierto, teniendo presente que se trata de un cultivo de palma, el cual no requiere ningun tipo de edificacion.","Exposicion directa a radiociones no ionizantes (sol) durante el cargue del racimo de corozo hacia zorrillo para su transporte hacia la tolva. ","Fatiga visual, cansancio.","Ninguno","Ninguno","EPP:  Gafas de seguridad con protección UV.",2,3,6,"medio",10,60,"III","Mejorable ",15,null,15,"Cancer de piel","si","Ley 9/1979 - Resolucion 2400/1980","No aplica","No aplica","No aplica","Capacitaciones acerca de Previon de riesgo fisico - radiaciones no ionizantes .\n","Dotacion de EPP y Bloqueador solar.","No aplica"]
[{"$nulls":4},"Fisico - Ruido","Los auxiliares de cosecha del cultivod de palma se hallan expuesto a ruido constante, mientras depositan los racimos de corozo en zorrillo de carga, actividad que efectuan de manera inenterrumpida.  Tendiendo presente que este ruido se genera al dejar caer dentro del zorrillo de carga los racimos de corozo.","Caida de racimo de corozo de palma dentro del zorrillo de carga.","Cefalea, estrés, irritabilidad, falta de concentración","Ninguno","Ninguno","Ninguno",6,3,18,"alto",25,450,"II","Aceptable con control específico",15,null,15,"Pérdida total del sentido auditivo","Si","Resolución 2400 de 1979","No aplica","No aplica","No aplica","No aplica","Dotacion  a trabajadores expuestos con Tapa Oidos.","No aplica"]
["PROCESOS MISIONALES: RECOLECCION DEL COROZO","SOL DE PALMA AGUSTIN CODAZZI S.A.S","Selección de Racimo  en Tolva","Si","Biomecanico","Los auxiliares de tolva , se hallan expuesto de manera prolongada a una carga dinamica (Levantamiento y Movilización de Cargas Pesadas)  en la seleccion de racimo  de corozo de palma, en la cual, deben transportar de manera manual este racimo desde el zorrillo de cargue hasta la tolva. ","Levantamiento y Movilización de Carga Pesada de racimos de corozo en el cultivo de palma.","Lumbalgias, desordenes de trauma acumulativo, lesiones en miembros superiores","Ninguno","Ninguno","Uso de EPP Fajas lumbares.",10,4,{"$f":"L18*M18","v":40},"muy alto",10,{"$f":"N18*P18","v":400},"II","Aceptable con control específico",15,null,15,"Alteraciones y Problemas Circulatorios","No","No","No aplica","No aplica","No aplica","Capacitacion de ¿cómo levantar cargas pesadas?\n\n","No aplica","No aplica"]
[{"$nulls":4},"Quimico","Los auxiliares deTolva durante la selección del racimo en tolva, se ven expuestos a inhalacion de motas, originadas al momento del descargue de los racimos al interior de la tolva.  ","Desprendimiento de material particulado en el ambiente,  especificamente de motas del racimo de corozo de la palma. ","Irritación vías respiratorias.","Ninguno","Ninguno","Divulgación del riesgo y sus controles. Uso de EPP.",2,3,6,"medio",10,60,"III","Mejorable ",15,null,15,"Enfermedad pulmonar cronica","Si","Ley 9/1979 ","No aplica","No aplica","No aplica","No aplica","Suministro de EPP: tapa bocas.","No aplica"]
[{"$nulls":4},"Fisico - Ruido","Los auxiliares de tolva del cultivod de palma se hallan expuesto a ruido constante, mientras depositan los racimos de corozo en el interior de la tolva. Teniendo presente que dicha actividad la realizaran de manera repetitiva, destacnado el hecho de que el ruido se genera al dejar caer dentro de la tolva los racimos de corozo de palma.","Caida de racimo de corozo de palma dentro de la tolva.","Cefalea, estrés, irritabilidad, falta de concentración","Ninguno","Ninguno","Uso de EPP: tapa oidos",6,3,18,"alto",25,450,"II","Aceptable con control específico",15,null,15,"Pérdida total del sentido auditivo","Si","Resolución 2400 de 1979","No aplica","No aplica","No aplica","No aplica","Dotacion  a trabajadores expuestos con Tapa Oidos.","No aplica"]
["PROCESOS MISIONALES: RECOLECCION DEL COROZO","SOL DE PALMA AGUSTIN CODAZZI S.A.S","Despulgue","Si","Fisico- Temperatura extremas (calor)","Los auxiliares de cosecha, estan expuestos a altas temperturas debido a que efectuan el despulgue de los racimos de corozo de palma a la interperie, bajo las condiciones climaticas proias del cultivo de palma, siendo estas con temperatura calida, por tanto, se presentan altas temperaturas. ","Trabajo a interperie en area tolva. Sin ningun tipo de sistema de ventilacion, solo se cuenta con la ventilacion natural (viento), los cuales no son frecuentes en cierto tiempo del año.","Deshidratación, shock por golpe de calor, calambres musculares","Ninguno","Ninguno"," Hidratacion permanente.\n\n\n",2,3,6,"medio",25,150,"II","Aceptable con control específico",25,null,25,"Muerte por deshidratacion","No","No aplica","No aplica","No aplica","No aplica","No aplica","No aplica","No aplica"]
[{"$nulls":4},"Biomecanicos-","Los auxiliares de cosecha estan expuestos a posicion de pie prolongada, debido a que tienen que efectuar el despulgue del racimo de corozo de la palma de pie, gracias a  la gran cantida de frutos de la palma para despulgue, que no permite una visialuzacion de estos mismo en posicion sentado.","Posicion de pie prolongada en area de tolva.","Dolores lumbares.","Ninguno","Ninguno","Pausas activas e higiene postural",2,2,4,"bajo",25,100,"III","Aceptable con control específico",25,null,25,"Alteraciones y Problemas Circulatorios","No","No aplica","No aplica","No aplica","No aplica","Capacitacion en autocuidado","No aplica","No aplica"]
[{"$nulls":4},"Biológico ","Los auxiliares de cosecha se hallan expuestos  vectores como mosquitos, propios del cultivo de palma, debido a su trabajo en campo abierto, en zona tropical, donde hay proliferacion natural de mosquitos","Trabajo a campo abierto, en zona tropical, lugar de reproduccion y proliferacion natural de mosquitos.","Enfermedades infecto contagiosas como dengue, zika, chikunguña, etc.","Ninguno","Fumigaciones ","Ninguno",6,3,18,"alto",25,450,"II","Aceptable con control específico",25,null,25,"Dengue hemoragico e hidrocefalia en fetos (mujeres embarazadas)","No","No aplica","No aplica","No aplica","Fumigaciones periodicas contra vectores (mosquistos).","Capacitacion sobre manejo de enfermedades tropicales propias del lugar o region de ubicación del cultivo de palma.","Uso de repelentes","No aplica"]
["PROCESOS MISIONALES: RECOLECCION DEL COROZO","SOL DE PALMA AGUSTIN CODAZZI S.A.S","Desecho de Racimos","Si","Fisico- Temperatura extremas (calor)","Los auxiliares de cosecha, estan expuestos a altas temperturas gracias a que trabajan en campo abierto, en donde predomina clima tropical, con altas temperatura y escases de vientos en cierto tiempo del año.","Trabajo a interperie en area tolva. ","Deshidratación, shock por golpe de calor, calambres musculares","Ninguno","Ninguno","Ninguna",6,3,18,"alto",25,450,"II","Aceptable con control específico",20,null,20,"Si","Resolucion 2400/1979","No aplica","No aplica","No aplica","No aplica","Capacitacion sobre autocuidado","No aplica","No aplica"]
[{"$nulls":4},"Biomecánico","Durante la disposicion final de los desechos del racimo de corozo de palma, los auxiliares de cosecha desarrollan una posicion pie prolongada, en la cual estan en continuo movimiento, al cual le aplican fuerza para  la carga manual de estos desechos hasta carretilla de transporte hacia area de desecho del cultivo.","Posturas prolongadas de pie y movimientos repetivivos acompañados con fuerza.","lumblagias. ","Ninguno","Ninguno","Ninguno ",2,2,4,"bajo",10,40,"III","Mejorable ",20,null,20,"Lesiones osteomusculares","No","No aplica","No aplica","No aplica","No aplica","Capacitacion pausas activas, practica y gestos motores para\nevitar lesiones musculo esqueléticas.\n*Rotar personal ","No aplica","No aplica"]
[{"$nulls":4},"Condicion de Seguridad - Locativo","Durante el desecho de residuos de los racimos de corozo, se puede generar  desorden  por la disposicion indadecuada de estos desechos, teniendo encuenta que los auxiliares de cosecha en su afan de realizar la actividad de desecho, no lo hacen de manera ordena, por tanto dejan residuos de estos racimos por el area donde ellos transitan. ","Disposicion inadecuada de desechos de los racimos de corozo de palma.","Golpes, heridas, laceraciones, caidas.","Ninguno","Ninguno","Ninguno",2,2,4,"bajo",10,40,"III","Mejorable ",20,null,20,"Fracturas.","Si","Ley 9/1979 - Resolucion 2400/1979","No aplica","No aplica","No aplica","Capacitacion sobre manejo de residuos solidos","Suministro de EPP","No aplica"]
[]
[]
[{"$nulls":18},"  "]

{"sheet":"Priorizacion","index":1,"n_rows":7,"n_cols":2,"rows_kept":7,"merged":[[0,0,0,2],[1,1,1,2],[2,1,2,2],[3,1,3,2],[4,1,4,2],[5,1,5,2],[6,1,6,2]]}
["PRIORIZACION"]
["Nivel de Probabilidad","Frecuencia de nivel de probalidad"]
["Muy alto",11]
["Alto",4]
["Medio ",10]
["Bajo",11]
["Total",{"$f":"SUM(B3:B6)","v":36}]

{"sheet":"Frecuencia de Peligros","index":2,"n_rows":18,"n_cols":5,"rows_kept":18,"merged":[[0,0,0,5],[1,0,1,3],[2,0,2,3],[3,0,3,3],[4,0,4,3],[5,0,5,3],[6,0,6,3],[7,0,7,3],[8,0,8,3],[9,0,9,3],[10,0,10,3],[11,0,11,3],[12,0,12,3],[13,0,13,3],[14,0,14,3],[15,0,15,3],[16,0,16,3],[17,0,17,3]]}
["FRECUENCIA DE PELIGRO EN CARCEL Y CORRECONAL AGUARANGAL"]
["Factor de riesgo ",{"$nulls":3},"Frecuencia de Factor de riesgo"]
["Condicion de seguridad - caida de altura",{"$nulls":3},1]
["Locativo",{"$nulls":3},3]
["Biomecanicos - Posicion de Pie ",{"$nulls":3},2]
["Biomecanicos - Posicion de Pie y Sentado Prolongado",{"$nulls":3},4]
["Fisico- Ruido",{"$nulls":3},3]
["Fisico - Temperatura Extrema (Frio)",{"$nulls":3},1]
["Fisico- Temperatura Extremas (Calor)",{"$nulls":3},4]
["Fisico - Radiaciones no ionizantes (sol)",{"$nulls":3},2]
["Condicion de seguridad - Manejo de armas de fuego",{"$nulls":3},3]
["Condicion de seguridad - Orden Publico",{"$nulls":3},4]
["Psicosocial",{"$nulls":3},3]
["Condicion de seguridad - Transito",{"$nulls":3},1]
["Fisico - Vibracion",{"$nulls":3},1]
["Biologico - Microorganismo",{"$nulls":3},2]
["Biologico - Contacto con Fluidos Corporales",{"$nulls":3},1]
["Quimicos - Gases y Vapores",{"$nulls":3},1]

{"sheet":"Severidad del peligro","index":3,"n_rows":6,"n_cols":5,"rows_kept":6,"merged":[[2,1,2,2],[2,4,2,6],[3,1,3,2],[4,1,4,2],[5,1,5,2],[6,1,6,2]]}
[]
[]
["CLASIFICACION","TOTAL",null,"DESCRIPCION","FRECUENCIA DE PELIGRO MUY ALTO"]
["Fisico- Radiaciones no ionizantes (Sol)\n",null,null,"Exposicion directa a radiociones no ionizantes (sol) durante el desplazamiento en el cultivo de palma."]
["Quimico",null,null,"Los auxiliares de cosecha durante el corte de racimo de corozo en el cultivo de palma, se ven expuestos a los gases o vapores emanados por los plaguicidad empleados para el control de plaga en el cultivo. "]
["Biomecanico",null,null,"Los auxiliares de siembre y cosecha , se hallan expuesto de manera prolongada a una carga dinamica (Levantamiento y Movilización de Cargas Pesadas) en la recolecion de racimo de corozo para llevarlo al zorrillo de cargue, con el fin de tranportar estos racimos hacia la tolva. "]

{"sheet":"Hoja1","index":4,"n_rows":4,"n_cols":5,"rows_kept":4,"merged":[[1,1,1,2],[1,4,1,6],[2,1,2,2],[2,4,2,6]]}
[]
["CLASIFICACION","TOTAL",null,"DESCRIPCION","FRECUENCIA DE PELIGRO MUY ALTO"]
["Condicion de Seguridad - Mecanico",null,null,"Durante el corte de racimo de corozo en el cultivo de palma, los auxiliares de cosecha se ven expuestos a sufrir lesiones con la herramienta empleada para esta labor, debido a un mal manejo de la herramienta (cincel, palin, machetes, etc.)al momento de la realizacion de esta actividad."]
["Fisico - Ruido",null,null,"Los auxiliares de cosecha del cultivod de palma se hallan expuesto a ruido constante, mientras depositan los racimos de corozo en zorrillo de carga, actividad que efectuan de manera inenterrumpida.  Tendiendo presente que este ruido se genera al dejar caer dentro del zorrillo de carga los racimos de corozo."]